Paroles - Voilà - Barbara Pravi - Eurovision France 2021 - Statistiques

Statistiques générales
  • Ce quiz a été pris 1 490 fois
  • Le résultat moyen est 202 sur 264
Statistiques - réponses
Mot % Correct
je
98%
Voilà,
97%
voilà,
97%
voilà
97%
Voilà
97%
à
96%
Me
96%
me
96%
qui
96%
suis
96%
ce
95%
moi
94%
moi,
94%
Moi
94%
la
92%
92%
de
91%
le
91%
c'est
90%
C'est
90%
si
88%
et
87%
ma
85%
même
85%
vous
81%
ami
80%
chanteuse
80%
mon
80%
que
80%
en
79%
tout
79%
Tout
79%
yeux
79%
vos
78%
Regardez
77%
amis
76%
dans
76%
demi
76%
fille
76%
fini
76%
nue
76%
Parlez
76%
rêve
76%
cette
75%
mise
75%
amours,
74%
aux
74%
cri,
74%
cri
74%
des
74%
son
74%
fou
72%
j'ai
72%
j'ai,
72%
leur
72%
noirs
72%
pas
71%
pas,
71%
ou
70%
mes
69%
ne
69%
Ne
69%
silence
69%
jusqu'à
68%
peu
68%
bruit
67%
gueule
67%
reste
66%
du
65%
écrire
65%
comme
64%
c'que
64%
histoires
64%
j'veux
64%
J'veux
64%
mais
63%
Mais
63%
arrivent
62%
les
60%
moins
60%
qu'il
60%
déteste
58%
avant
56%
Parler
56%
pour
56%
s'en
56%
tant
56%
un
56%
aime
55%
dépose
55%
ici
55%
ici,
55%
pis
55%
aussi
54%
Écoutez-moi,
54%
envie,
54%
oui
54%
peur,
54%
Ça
53%
partez
53%
va
52%
chose
51%
est
49%
on
49%
toujours
49%
autre
48%
j'en
48%
sais
48%
dire,
47%
mains
47%
restez
47%
supplie
47%
diront
46%
Quoi
46%
contours
45%
crève,
45%
longtemps
45%
sans
45%
qu'on
44%
comment
43%
d'une
43%
faire
43%
lèvres
43%
ris
43%
Aimez
42%
j'vous
42%
m'aime,
41%
j'sais
40%
aimer
39%
fureur
39%
parce
39%
enfin
37%
p't'être
36%
m'sauvera
35%
juste
33%
non
33%
Aucun quiz correspondant
Distribution des résultats
% des personnes avec chaque résultat
Percentile par nombre de réponses
Votre historique - résultats
Vous n’avez pas pris ce quiz